| 000 | 00600nam a2200193 4500 | ||
|---|---|---|---|
| 005 | 20250626162313.0 | ||
| 010 | _aENG-145589 | ||
| 020 |
_a9788123416784 _c250.00 |
||
| 035 | _aEN-129121 | ||
| 037 | _bDBAD | ||
| 082 |
_a270.2 _21 |
||
| 100 |
_aD. Gnanaiah _982393 |
||
| 245 |
_aIslam and India: _bA Rational View/ _cD. Gnanaiah |
||
| 250 | _a1 | ||
| 260 |
_aChennai _bNew Century Book House (P) Ltd. _c2009 |
||
| 270 |
_a41-B, SIDCO Industrial Estate, Ambattur _bChennai _e600050 _k04426251968 _minfo@ncbh.in |
||
| 300 |
_axxv, 468p. _c21cm(pb) |
||
| 942 |
_2ddc _cEN _h270.2 _mGNA _e1 |
||
| 999 |
_c211974 _d211974 |
||